| 000 | 00872nam a22002057a 4500 | ||
|---|---|---|---|
| 999 |
_c18539 _d18539 |
||
| 003 | AR-CdUCM | ||
| 008 | 190514b ||||| |||| 00| 0 spa d | ||
| 040 |
_aMUNICIPALIDAD PROVINCIAL DEL CUSCO _cBIBLIOTECA MUNICIPAL DEL CUSCO |
||
| 082 |
_a371.1 / _bM93 |
||
| 110 |
_aMunicipalidad del Qosqo _96414 |
||
| 245 |
_aUrpicha : _bguía didáctica e informativa para docentes de educación inicial del Qosqo / |
||
| 260 |
_aQosqo : _bMunicipalidad del Qosqo, _c1993. |
||
| 300 |
_a168 páginas ; _bIlustraciones, _c24 cm. |
||
| 505 | _aContenido: Significado de Urpicha para agentes educativos del nivel de educación inicial en el Qosqo -- Como trabajar Urpicha para integrar ejes educativos subregionales ... | ||
| 650 |
_aUrpicha _939186 |
||
| 650 |
_aAspecto didáctico _939187 |
||
| 650 |
_aAspecto informativo _939188 |
||
| 942 |
_2ddc _cLIBROS |
||
| 945 |
_aacv _d2019-05-14 |
||